000 00680cam a22002291 4500
001 8831082
003 ARRUPE
005 20211019100405.0
008 740718s1950 ilu b 000 0 eng
010 _a 50009246
035 _a(OCoLC)949929
040 _aDLC
_cOAU
_dOCoLC
_dDLC
050 0 0 _aQA273
_b.C26
100 1 _aCarnap, Rudolf,
_d1891-1970.
245 1 0 _aLogical foundations of probability.
_cRudolf Carnap
260 _aLondon
_bRoutledge and Kegan Paul, LTD.
_c[1950]
300 _axvii, 607 p.
_c24 cm.
504 _aBibliography: p. 583-598.
650 0 _aProbabilities.
_92769
906 _a7
_bcbc
_coclcrpl
_du
_encip
_f19
_gy-gencatlg
942 _2lcc
_cMONOGRAPH
999 _c130923
_d130923